[Event "DVM U12 2014"]
[Site "Verden/Aller GER"]
[Date "2014.12.27"]
[Round "1"]
[White "Krastev, Alexander"]
[Black "Engel, Luis"]
[Result "0-1"]
[Termination "normal"]
[Board "1.1"]
[WhiteElo "1727"]
[BlackElo "2113"]
[WhiteTeam "Biebertaler Schachfreunde"]
[BlackTeam "Hamburger SK von 1830"]
[PlyCount "56"]
[WhiteFideId "12989983"]
[BlackFideId "12961523"]
[EventCountry "GER"]
[EventRounds "7"]
[EventType "team-swiss"]
[EventDate "2014.12.26"]

1. e4 c5 2. Nc3 a6 3. f4 b5 4. Nf3 Bb7 5. d3 e6 6. Be2 d5 7. O-O b4 8. Nb1 dxe4
9. Ne5 Nd7 10. Nd2 Nxe5 11. fxe5 Qd4+ 12. Kh1 exd3 13. Bxd3 Qxe5 14. Nc4 Qd5
15. Qe2 Qd8 16. Rxf7 Kxf7 17. Ne5+ Ke7 18. Bc4 Qc8 19. Bg5+ Nf6 20. Rd1 Bd5 21.
Bxd5 exd5 22. Rxd5 Qe6 23. Rxc5 Ke8 24. Rc6 Bd6 25. Bf4 Rd8 26. Qxa6 Qd5 27.
Qe2 Bxe5 28. Bxe5 Qd1+ 0-1

[Event "DVM U12 2014"]
[Site "Verden/Aller GER"]
[Date "2014.12.27"]
[Round "1"]
[White "Pajeken, Jakob Leon"]
[Black "Pralle, Finnegan"]
[Result "0-1"]
[Termination "normal"]
[Board "1.2"]
[WhiteElo "1730"]
[BlackElo "1698"]
[WhiteTeam "Hamburger SK von 1830"]
[BlackTeam "Biebertaler Schachfreunde"]
[PlyCount "42"]
[WhiteFideId "12942839"]
[BlackFideId "12986615"]
[EventCountry "GER"]
[EventRounds "7"]
[EventType "team-swiss"]
[EventDate "2014.12.26"]

1. e4 e5 2. Nf3 Nc6 3. Bc4 Bc5 4. O-O d6 5. c3 Nf6 6. d4 Be6 7. d5 Ne7 8. Bd3
Ng6 9. Na3 a6 10. Nc4 Ba7 11. h3 Nf4 12. Bxf4 exf4 13. Qd2 b5 14. Na3 h6 15.
Rae1 Nh5 16. e5 O-O 17. Nd4 f3 18. Nc6 Qh4 19. Re4 Qg3 20. Ne7+ Kh8 21. Ng6+
fxg6 0-1

[Event "DVM U12 2014"]
[Site "Verden/Aller GER"]
[Date "2014.12.27"]
[Round "1"]
[White "Engländer, Leon Arne"]
[Black "Meyling, Lennart"]
[Result "0-1"]
[Termination "normal"]
[Board "1.3"]
[WhiteElo "1312"]
[BlackElo "1648"]
[WhiteTeam "Biebertaler Schachfreunde"]
[BlackTeam "Hamburger SK von 1830"]
[PlyCount "62"]
[WhiteFideId "12997226"]
[BlackFideId "12947130"]
[EventCountry "GER"]
[EventRounds "7"]
[EventType "team-swiss"]
[EventDate "2014.12.26"]

1. e4 c5 2. Nc3 a6 3. d3 b5 4. f4 Bb7 5. Nf3 e6 6. Be3 d5 7. Bf2 b4 8. Na4 Qa5
9. c3 dxe4 10. dxe4 Bxe4 11. Ne5 f6 12. Nd3 Nd7 13. cxb4 cxb4 14. b3 Rd8 15.
Qg4 f5 16. Qg5 Be7 17. Qg3 Bf6 18. Rc1 Nh6 19. Ndc5 Bc3+ 20. Nxc3 Nxc5 21. Nxe4
Nxe4 22. Qxg7 Nf7 23. Bc4 Nxf2 24. Bxe6 Nd3+ 25. Kf1 Rf8 26. Rd1 Qb6 27. Bxf7+
Rxf7 28. Qg3 Qb5 29. Qg8+ Ke7 30. Qg5+ Rf6 31. Qg7+ Ke6 0-1

[Event "DVM U12 2014"]
[Site "Verden/Aller GER"]
[Date "2014.12.27"]
[Round "1"]
[White "Engel, Robert"]
[Black "Limpert, Tillmann"]
[Result "1-0"]
[Termination "normal"]
[Board "1.4"]
[WhiteElo "1742"]
[BlackElo "1070"]
[WhiteTeam "Hamburger SK von 1830"]
[BlackTeam "Biebertaler Schachfreunde"]
[PlyCount "53"]
[WhiteFideId "12974684"]
[BlackFideId "16213254"]
[EventCountry "GER"]
[EventRounds "7"]
[EventType "team-swiss"]
[EventDate "2014.12.26"]

1. e4 e5 2. Nc3 Nf6 3. f4 d6 4. Nf3 Nc6 5. Bb5 Bd7 6. d3 Nd4 7. Nxd4 exd4 8.
Bxd7+ Qxd7 9. Ne2 c5 10. O-O g6 11. Ng3 d5 12. e5 Ng4 13. Qf3 Rd8 14. Bd2 Be7
15. Rae1 Ne3 16. Bxe3 dxe3 17. Rxe3 d4 18. Re2 b5 19. f5 gxf5 20. Nxf5 Bf8 21.
e6 fxe6 22. Qh5+ Qf7 23. Rxe6+ Kd7 24. Qxf7+ Be7 25. Qxe7+ Kc8 26. Nd6+ Kb8 27.
Qb7# 1-0

[Event "DVM U12 2014"]
[Site "Verden/Aller GER"]
[Date "2014.12.27"]
[Round "1"]
[White "Wong, Gengchun"]
[Black "Heckmann, Till"]
[Result "1-0"]
[Termination "normal"]
[Board "2.1"]
[WhiteElo "1989"]
[BlackElo "1530"]
[WhiteTeam "SV Dresden-Leuben"]
[BlackTeam "SV Empor Berlin"]
[PlyCount "39"]
[WhiteFideId "12963283"]
[BlackFideId "12987093"]
[EventCountry "GER"]
[EventRounds "7"]
[EventType "team-swiss"]
[EventDate "2014.12.26"]

1. e4 e6 2. d4 d5 3. Nd2 dxe4 4. Nxe4 Nd7 5. Nf3 Ngf6 6. Nxf6+ Nxf6 7. Bd3 Be7
8. Qe2 O-O 9. Bd2 b6 10. O-O-O c5 11. Bc3 Qc7 12. dxc5 Bxc5 13. Be4 Qe7 14. Kb1
Bb7 15. h4 Rac8 16. Rhg1 Ng4 17. Ng5 Nxf2 18. Qh5 h6 19. Qxh6 Qxg5 20. Qh7# 1-0

[Event "DVM U12 2014"]
[Site "Verden/Aller GER"]
[Date "2014.12.27"]
[Round "1"]
[White "Pysarenko, Kyrill"]
[Black "Bui, Hai Lam"]
[Result "0-1"]
[Termination "normal"]
[Board "2.2"]
[WhiteElo "1408"]
[BlackElo "1868"]
[WhiteTeam "SV Empor Berlin"]
[BlackTeam "SV Dresden-Leuben"]
[PlyCount "63"]
[WhiteFideId "12974250"]
[BlackFideId "12975737"]
[EventCountry "GER"]
[EventRounds "7"]
[EventType "team-swiss"]
[EventDate "2014.12.26"]

1. e4 c5 2. Nf3 d6 3. d4 cxd4 4. Nxd4 Nf6 5. Nc3 a6 6. a4 e5 7. Nf3 Be6 8. Bg5
Be7 9. Bxf6 Bxf6 10. Nd5 Be7 11. Bc4 Nd7 12. O-O Rc8 13. Nd2 Bg5 14. Bb3 Nc5
15. Re1 O-O 16. Re2 Kh8 17. f3 f5 18. exf5 Bxf5 19. Ne3 Be6 20. Bxe6 Nxe6 21.
Ne4 Nd4 22. Ng4 Nxe2+ 23. Qxe2 Qb6+ 24. Kh1 Qxb2 25. Rd1 Be7 26. Rd2 Qb1+ 27.
Rd1 Qxc2 28. Qf1 Qc4 29. Qe1 Qxa4 30. Ngf2 Qc6 31. Nd3 a5 32. Rc1 0-1

[Event "DVM U12 2014"]
[Site "Verden/Aller GER"]
[Date "2014.12.27"]
[Round "1"]
[White "Bui, Ngoc Han Julia"]
[Black "Breitzmann, Sander"]
[Result "0-1"]
[Termination "normal"]
[Board "2.3"]
[WhiteElo "1562"]
[BlackElo "1410"]
[WhiteTeam "SV Dresden-Leuben"]
[BlackTeam "SV Empor Berlin"]
[PlyCount "138"]
[WhiteFideId "12977055"]
[BlackFideId "12987085"]
[EventCountry "GER"]
[EventRounds "7"]
[EventType "team-swiss"]
[EventDate "2014.12.26"]

1. e4 e5 2. Nf3 Nc6 3. Nc3 Nf6 4. d4 exd4 5. Nxd4 Bb4 6. Nxc6 bxc6 7. Bd3 d5 8.
exd5 cxd5 9. O-O O-O 10. Bg5 c6 11. Qf3 Be7 12. Rfe1 Re8 13. h3 h6 14. Bh4 Rb8
15. Na4 Rb4 16. Bxf6 Bxf6 17. Nc5 Rxb2 18. c4 Rxe1+ 19. Rxe1 Rxa2 20. cxd5 cxd5
21. Qxd5 Be6 22. Rxe6 Ra1+ 23. Kh2 fxe6 24. Qxe6+ Kh8 25. Qf5 Qb8+ 26. f4 Qg8
27. Nd7 Bc3 28. Qg6 Re1 29. Be4 Rd1 30. Bd3 a5 31. Nf8 Rxd3 32. Qxd3 Qxf8 33.
Qxc3 Qxf4+ 34. Kh1 Qf5 35. Qa3 Kh7 36. Kh2 h5 37. g3 Kh6 38. Qe3+ Qg5 39. Qc3
Qf5 40. Qd2+ Kh7 41. Qa2 Qe5 42. Kg2 Qe4+ 43. Kf2 h4 44. gxh4 Qxh4+ 45. Kg2
Qe4+ 46. Kh2 a4 47. Qa3 Qc2+ 48. Kg1 Qb3 49. Qe7 Qg3+ 50. Kh1 Qxh3+ 51. Kg1
Qg4+ 52. Kf1 Kh6 53. Qd6+ Kh5 54. Qh2+ Kg5 55. Qa2 Qf3+ 56. Kg1 a3 57. Qd2+ Kg4
58. Qd4+ Kh3 59. Qd2 Qg3+ 60. Kh1 a2 61. Qh6+ Qh4 62. Qe3+ Kg4+ 63. Kg2 a1=Q
64. Qf4+ Kh5 65. Qf7+ Kh6 66. Qe6+ Qaf6 67. Qe2 Qfg5+ 68. Kf1 Qh1+ 69. Kf2
Qgg1# 0-1

[Event "DVM U12 2014"]
[Site "Verden/Aller GER"]
[Date "2014.12.27"]
[Round "1"]
[White "Breitzmann, Thorge"]
[Black "Wong, Kar Yan"]
[Result "0-1"]
[Termination "normal"]
[Board "2.4"]
[WhiteElo "1230"]
[BlackElo "1312"]
[WhiteTeam "SV Empor Berlin"]
[BlackTeam "SV Dresden-Leuben"]
[PlyCount "96"]
[BlackFideId "12971855"]
[EventCountry "GER"]
[EventRounds "7"]
[EventType "team-swiss"]
[EventDate "2014.12.26"]

1. d4 c5 2. dxc5 e6 3. e4 Bxc5 4. Nc3 a6 5. Bc4 Qb6 6. Qf3 Qc7 7. Nge2 Nc6 8.
O-O Nge7 9. Qh5 Qe5 10. Qg4 Ng6 11. Kh1 h6 12. f4 Qf6 13. e5 Ngxe5 14. Qg3 Nxc4
15. Qd3 b5 16. f5 N4e5 17. Qe4 Rb8 18. Bf4 Bb7 19. Bxe5 Nxe5 20. Qf4 O-O 21.
Ng3 exf5 22. Qxf5 Qxf5 23. Nxf5 Nc4 24. b3 Ne3 25. Nxe3 Bxe3 26. Ne2 Rfe8 27.
Rad1 d5 28. Rd3 Rbc8 29. c3 Bg5 30. Nd4 g6 31. Rg3 Re3 32. Rxe3 Bxe3 33. Ne2
Re8 34. Rf3 Bb6 35. Ng1 Re1 36. h3 Bxg1 37. Rd3 Be3+ 38. Kh2 Bf4+ 39. g3 Be5
40. Kg2 Ra1 41. Kf2 Rxa2+ 42. Ke3 Rg2 43. g4 Rg3+ 44. Kd2 Rxd3+ 45. Kxd3 Kf8
46. b4 Ke7 47. h4 h5 48. gxh5 gxh5 0-1

[Event "DVM U12 2014"]
[Site "Verden/Aller GER"]
[Date "2014.12.27"]
[Round "1"]
[White "Kitzig, Tobias"]
[Black "Dietz, Florian"]
[Result "0-1"]
[Termination "normal"]
[Board "3.1"]
[WhiteElo "1442"]
[BlackElo "1805"]
[WhiteTeam "VfL 1990 Gera"]
[BlackTeam "Reideburger SV 90 Halle"]
[PlyCount "54"]
[BlackFideId "12939897"]
[EventCountry "GER"]
[EventRounds "7"]
[EventType "team-swiss"]
[EventDate "2014.12.26"]

1. g3 d5 2. Bg2 e5 3. d3 Nf6 4. Nd2 Bd7 5. e4 dxe4 6. Nxe4 Bc6 7. Nxf6+ Qxf6 8.
Bxc6+ Nxc6 9. Be3 O-O-O 10. Qe2 e4 11. Qg4+ Kb8 12. Qxe4 Bb4+ 13. Kf1 Rhe8 14.
Qf3 Qxb2 15. Rd1 Qxc2 16. Kg2 Ne5 17. Qe2 Qc6+ 18. Nf3 Ng4 19. Rb1 Bc5 20. Rhc1
Kc8 21. d4 Rxd4 22. Rxc5 Nxe3+ 23. fxe3 Qxc5 24. Nxd4 Qxd4 25. Qf3 Qe4 26. Qxe4
Rxe4 27. Rf1 f6 0-1

[Event "DVM U12 2014"]
[Site "Verden/Aller GER"]
[Date "2014.12.27"]
[Round "1"]
[White "Post, Hugo"]
[Black "Herrmann, Nick"]
[Result "1-0"]
[Termination "normal"]
[Board "3.2"]
[WhiteElo "1760"]
[BlackElo "1235"]
[WhiteTeam "Reideburger SV 90 Halle"]
[BlackTeam "VfL 1990 Gera"]
[PlyCount "99"]
[WhiteFideId "12962490"]
[BlackFideId "12971499"]
[EventCountry "GER"]
[EventRounds "7"]
[EventType "team-swiss"]
[EventDate "2014.12.26"]

1. e4 e6 2. d4 d5 3. Nd2 c5 4. exd5 exd5 5. Ngf3 Nf6 6. Bb5+ Nc6 7. O-O Bd6 8.
Re1+ Be7 9. Qe2 Be6 10. dxc5 O-O 11. Bxc6 bxc6 12. Nd4 Bxc5 13. Nxe6 fxe6 14.
Qxe6+ Kh8 15. Qxc6 Nd7 16. Nf3 Rc8 17. Qxd5 Qc7 18. Be3 Bb4 19. c3 Nf6 20. Qd4
Bc5 21. Qxc5 Qxc5 22. Bxc5 Rxc5 23. Re7 a5 24. Nd4 Ng4 25. Ne6 Re5 26. Rxg7
Rxe6 27. Rxg4 Rfe8 28. f3 Re2 29. b3 Rc2 30. c4 Rc8 31. Re4 Rd8 32. Rg4 Rdd2
33. Re1 Rd8 34. a3 h6 35. b4 a4 36. Rb1 Rc3 37. b5 Rxa3 38. b6 Rc3 39. b7 Rb8
40. c5 a3 41. Ra4 Rxc5 42. Ra8 a2 43. Rxb8+ Kg7 44. Rg8+ Kxg8 45. b8=Q+ Kf7 46.
Qa7+ Ke6 47. Qxa2+ Kd6 48. Rd1+ Kc7 49. Qa7+ Kc8 50. Qxc5+ 1-0

[Event "DVM U12 2014"]
[Site "Verden/Aller GER"]
[Date "2014.12.27"]
[Round "1"]
[White "Schulze, Nick"]
[Black "Henning, Marvin"]
[Result "0-1"]
[Termination "normal"]
[Board "3.3"]
[WhiteElo "1288"]
[BlackElo "1791"]
[WhiteTeam "VfL 1990 Gera"]
[BlackTeam "Reideburger SV 90 Halle"]
[PlyCount "72"]
[WhiteFideId "12971847"]
[BlackFideId "12957399"]
[EventCountry "GER"]
[EventRounds "7"]
[EventType "team-swiss"]
[EventDate "2014.12.26"]

1. d4 d6 2. Nf3 g6 3. e3 Bg7 4. c3 Nf6 5. Bd3 Nbd7 6. Qb3 c5 7. Nbd2 a6 8. Bc4
O-O 9. Ng5 d5 10. Bxd5 Nxd5 11. Qxd5 e6 12. Nxe6 fxe6 13. Qxe6+ Kh8 14. Nf3 Ne5
15. Qb3 Nxf3+ 16. gxf3 cxd4 17. cxd4 Rxf3 18. Bd2 Qh4 19. O-O-O Qe7 20. Kb1
Bf5+ 21. Ka1 Rxf2 22. Bb4 Qe4 23. Rc1 Rc2 24. Qxc2 Qxc2 25. Rxc2 Bxc2 26. Rf1
Bf5 27. h4 Re8 28. h5 Rxe3 29. hxg6 hxg6 30. d5 Re2 31. Bc3 Bxc3 32. bxc3 Rc2
33. d6 Rd2 34. c4 Rxd6 35. c5 Rc6 36. Rc1 b6 0-1

[Event "DVM U12 2014"]
[Site "Verden/Aller GER"]
[Date "2014.12.27"]
[Round "1"]
[White "Schlosser, Justin"]
[Black "Aniol, Adrian"]
[Result "1-0"]
[Termination "normal"]
[Board "3.4"]
[WhiteElo "1360"]
[BlackElo "1339"]
[WhiteTeam "Reideburger SV 90 Halle"]
[BlackTeam "VfL 1990 Gera"]
[PlyCount "53"]
[WhiteFideId "12993700"]
[BlackFideId "16229967"]
[EventCountry "GER"]
[EventRounds "7"]
[EventType "team-swiss"]
[EventDate "2014.12.26"]

1. e4 d5 2. exd5 Qxd5 3. Nc3 Qa5 4. d4 Nf6 5. Bd2 c6 6. Bc4 Bg4 7. Be2 Bxe2 8.
Qxe2 Qc7 9. Nf3 e6 10. O-O Nbd7 11. Rfe1 O-O-O 12. a3 Bd6 13. b4 h6 14. b5 cxb5
15. Nxb5 Qb6 16. Reb1 Nb8 17. c4 Qa6 18. Bb4 Bc7 19. Bc5 Nc6 20. Ra2 g5 21.
Rab2 g4 22. Ne5 Rdg8 23. Nxc6 bxc6 24. Nxc7 Kxc7 25. Qe5+ Kc8 26. Rb8+ Kd7 27.
Qd6# 1-0

[Event "DVM U12 2014"]
[Site "Verden/Aller GER"]
[Date "2014.12.27"]
[Round "1"]
[White "Suvorov, Alexander"]
[Black "Lichtmannecker, Daniel"]
[Result "1-0"]
[Termination "normal"]
[Board "4.1"]
[WhiteElo "1823"]
[BlackElo "1518"]
[WhiteTeam "SG Porz"]
[BlackTeam "FC Ergolding"]
[PlyCount "95"]
[WhiteFideId "12977063"]
[BlackFideId "12979414"]
[EventCountry "GER"]
[EventRounds "7"]
[EventType "team-swiss"]
[EventDate "2014.12.26"]

1. d4 e6 2. Nf3 d5 3. c4 Nf6 4. Nc3 b6 5. cxd5 Nxd5 6. g3 Bb7 7. Bg2 Nd7 8. O-O
Be7 9. Re1 O-O 10. Nxd5 exd5 11. Bf4 Nf6 12. Rc1 Bd6 13. Ne5 Nd7 14. Nxd7 Qxd7
15. Bxd6 Qxd6 16. Qd3 Rfd8 17. e3 c5 18. dxc5 bxc5 19. Qb5 Rab8 20. Qxc5 Qxc5
21. Rxc5 d4 22. Bxb7 Rxb7 23. exd4 Rxb2 24. Ra5 Rd2 25. Rxa7 R2xd4 26. Ree7 Rf8
27. a4 g6 28. Red7 Rxd7 29. Rxd7 Ra8 30. Rd4 Kg7 31. Kg2 Kf6 32. Kf3 Ke5 33.
Rb4 Kd5 34. h4 h6 35. Ke3 f5 36. Rb6 Rg8 37. Kf3 Ke5 38. a5 g5 39. Rxh6 g4+ 40.
Kg2 Ra8 41. a6 Ra7 42. Rb6 f4 43. gxf4+ Kxf4 44. Rb4+ Ke5 45. Ra4 Kf6 46. Kg3
Kf5 47. Ra5+ Kf6 48. Kxg4 1-0

[Event "DVM U12 2014"]
[Site "Verden/Aller GER"]
[Date "2014.12.27"]
[Round "1"]
[White "Astner, Sebastian"]
[Black "Suvorov, Luca"]
[Result "0-1"]
[Termination "normal"]
[Board "4.2"]
[WhiteElo "1437"]
[BlackElo "1757"]
[WhiteTeam "FC Ergolding"]
[BlackTeam "SG Porz"]
[PlyCount "88"]
[WhiteFideId "12979422"]
[BlackFideId "12977071"]
[EventCountry "GER"]
[EventRounds "7"]
[EventType "team-swiss"]
[EventDate "2014.12.26"]

1. e4 c6 2. d4 d5 3. e5 Bf5 4. Nf3 e6 5. c4 Nd7 6. Nc3 dxc4 7. Bxc4 Nb6 8. Bd3
Bxd3 9. Qxd3 Ne7 10. Bg5 Qd7 11. O-O Ned5 12. Ne4 h6 13. Bd2 Be7 14. Ne1 O-O
15. Nc2 Rfd8 16. Qg3 Kh8 17. Qg4 Nc4 18. Bc1 f6 19. exf6 Nxf6 20. Qg6 Nxe4 21.
Qxe4 Bf6 22. b3 Nd6 23. Qg6 Nf5 24. Rd1 c5 25. Ne3 Nxd4 26. Bb2 Qe7 27. Bxd4
Bxd4 28. Rac1 Rd7 29. Re1 Rf8 30. Nf5 Qf6 31. Qxf6 Rxf6 32. Ne3 b6 33. g3 Rf3
34. Rc2 Bxe3 35. Rxe3 Rxe3 36. fxe3 Rd3 37. Kf2 Kg8 38. Kf3 Kf7 39. Ke4 Rd1 40.
Ke5 Rd5+ 41. Ke4 Ke7 42. Rf2 g6 43. g4 h5 44. h3 a5 {Nicht nachvollziehbar} 0-1

[Event "DVM U12 2014"]
[Site "Verden/Aller GER"]
[Date "2014.12.27"]
[Round "1"]
[White "Sewald, Richard"]
[Black "Kühne, Maria"]
[Result "1-0"]
[Termination "normal"]
[Board "4.3"]
[WhiteElo "1562"]
[BlackElo "1204"]
[WhiteTeam "SG Porz"]
[BlackTeam "FC Ergolding"]
[PlyCount "111"]
[WhiteFideId "12983586"]
[BlackFideId "12997412"]
[EventCountry "GER"]
[EventRounds "7"]
[EventType "team-swiss"]
[EventDate "2014.12.26"]

1. Nf3 d5 2. d3 Nf6 3. g3 Nc6 4. Bg2 Bf5 5. O-O e5 6. Nbd2 Bd6 7. c4 dxc4 8.
Nxc4 O-O 9. Nxd6 Qxd6 10. Bd2 Rfe8 11. Bc3 Rad8 12. a3 h6 13. b4 a6 14. Bb2 Bh7
15. Rc1 e4 16. dxe4 Nxe4 17. Qxd6 Nxd6 18. e3 Bd3 19. Rfd1 Bb5 20. Nd4 Nxd4 21.
Bxd4 c6 22. Bb6 Rd7 23. Bh3 Rde7 24. Rxd6 g6 25. Rcd1 Ba4 26. R1d2 Re4 27. Rd8
f5 28. Rxe8+ Rxe8 29. Rd8 Rxd8 30. Bxd8 Kf7 31. Kf1 Ke6 32. Bg2 Bb3 33. Ke1 Ke5
34. Bc7+ Ke6 35. Kd2 Ba4 36. Kd3 Bb5+ 37. Kd4 Kd7 38. Bb6 Kd6 39. Bf3 Ba4 40.
Be2 Bb3 41. f4 Bd5 42. Bc4 Bf3 43. Bf7 g5 44. Bc5+ Kd7 45. Ke5 Bg4 46. Bg6 gxf4
47. exf4 Bf3 48. Bxf5+ Ke8 49. Bc8 b5 50. f5 Bh5 51. f6 Kf7 52. Bd7 Bg6 53.
Bxc6 Bh5 54. Be7 Be2 55. Bd5+ Ke8 56. Kd6 1-0

[Event "DVM U12 2014"]
[Site "Verden/Aller GER"]
[Date "2014.12.27"]
[Round "1"]
[White "Ottmair, Clemens"]
[Black "Gallasch, Robin"]
[Result "1-0"]
[Termination "normal"]
[Board "4.4"]
[WhiteElo "1105"]
[BlackElo "1096"]
[WhiteTeam "FC Ergolding"]
[BlackTeam "SG Porz"]
[PlyCount "48"]
[BlackFideId "16222423"]
[EventCountry "GER"]
[EventRounds "7"]
[EventType "team-swiss"]
[EventDate "2014.12.26"]

1. e4 c6 2. d4 d5 3. exd5 cxd5 4. Nf3 Nc6 5. Nc3 Bf5 6. Bf4 e6 7. Bb5 Nge7 8.
O-O g6 9. Qe2 Bg7 10. Rad1 O-O 11. Rfe1 Rc8 12. Rd2 a6 13. Bxc6 Nxc6 14. Qe3
Qb6 15. Na4 Qb5 16. b3 Nb4 17. Rc1 Nxa2 18. Rb1 Bxc2 19. Rb2 Bxb3 20. h3 Qxa4
21. Rxb3 Rc1+ 22. Kh2 Nb4 23. Bd6 a5 24. Bxf8 Bxf8 { Nicht weiter
nachvollziehbar} 1-0

[Event "DVM U12 2014"]
[Site "Verden/Aller GER"]
[Date "2014.12.27"]
[Round "1"]
[White "Reitz, Theresa"]
[Black "Garbuz, Vitaliy"]
[Result "0-1"]
[Termination "normal"]
[Board "5.1"]
[WhiteElo "1485"]
[BlackElo "1920"]
[WhiteTeam "VfR-SC Koblenz"]
[BlackTeam "SF Brackel 1930"]
[PlyCount "138"]
[WhiteFideId "12971901"]
[BlackFideId "12990710"]
[EventCountry "GER"]
[EventRounds "7"]
[EventType "team-swiss"]
[EventDate "2014.12.26"]

1. e4 c5 2. Nf3 d6 3. Bb5+ Bd7 4. Bxd7+ Qxd7 5. O-O Nc6 6. c3 g6 7. Re1 Bg7 8.
d4 cxd4 9. cxd4 Nf6 10. Nc3 O-O 11. h3 e6 12. Be3 a6 13. a3 b5 14. Qd2 Na5 15.
Qc2 Rac8 16. Nd2 Nc4 17. Nxc4 Rxc4 18. Qd2 Rfc8 19. Rec1 Qb7 20. f3 d5 21. e5
Nd7 22. Ne2 Nb6 23. b3 Rxc1+ 24. Rxc1 Bf8 25. Qb2 Rxc1+ 26. Bxc1 a5 27. Nc3 Qc6
28. Kf2 Bxa3 29. Qxa3 Qxc3 30. Qb2 Qxb2+ 31. Bxb2 Kf8 32. Ke3 Ke7 33. Kd3 Kd7
34. Kc2 Kc6 35. b4 a4 36. Bc1 Kd7 37. g4 Nc8 38. Bg5 Ne7 39. Kc3 Ng8 40. Bc1
Ne7 41. Bg5 Nc6 42. Bc1 h5 43. h4 Ke7 44. Bg5+ Kf8 45. Bh6+ Kg8 46. Bc1 Kh7 47.
g5 Kg7 48. Be3 Kf8 49. Bc1 Ne7 50. Be3 Nf5 51. Bf2 Ke8 52. Kb2 Kd7 53. Kc3 Ne7
54. Be3 Nc6 55. Bc1 a3 56. Bxa3 Ne7 57. Bc1 Nf5 58. Kd3 Nxh4 59. Ke2 Nf5 60.
Be3 h4 61. Bg1 h3 62. f4 Nxd4+ 63. Kf1 h2 64. Bxh2 Nc2 65. Bg1 Nxb4 66. Ke2 Kc6
67. Kd2 Na6 68. Kc3 b4+ 69. Kb3 Kb5 0-1

[Event "DVM U12 2014"]
[Site "Verden/Aller GER"]
[Date "2014.12.27"]
[Round "1"]
[White "Kracht, Raphael"]
[Black "Mailitis, Ricardo"]
[Result "1-0"]
[Termination "normal"]
[Board "5.2"]
[WhiteElo "1636"]
[BlackElo "1473"]
[WhiteTeam "SF Brackel 1930"]
[BlackTeam "VfR-SC Koblenz"]
[PlyCount "61"]
[WhiteFideId "16214382"]
[BlackFideId "12977535"]
[EventCountry "GER"]
[EventRounds "7"]
[EventType "team-swiss"]
[EventDate "2014.12.26"]

1. e4 e5 2. Nf3 Nc6 3. Bc4 Nf6 4. d4 exd4 5. Ng5 d5 6. exd5 h6 7. Nxf7 Kxf7 8.
dxc6+ Ke8 9. Bb5 Kf7 10. O-O Bc5 11. Bf4 Rf8 12. Bc4+ Nd5 13. Qh5+ Kg8 14.
Bxd5+ Kh7 15. cxb7 Bxb7 16. Bxb7 Rxf4 17. Bxa8 Qxa8 18. Qxc5 Qb8 19. Na3 a6 20.
g3 Rf6 21. Qxd4 Rd6 22. Qe4+ Kg8 23. Nc4 Rf6 24. Rfe1 Rf8 25. Qe7 Qa7 26. Re2
Qb7 27. Rd1 Qb8 28. Rd7 Qxb2 29. Nxb2 Rf7 30. Qxf7+ Kh8 31. Qxg7# 1-0

[Event "DVM U12 2014"]
[Site "Verden/Aller GER"]
[Date "2014.12.27"]
[Round "1"]
[White "Riedel, Thomas"]
[Black "Wastian, Mareike"]
[Result "1-0"]
[Termination "normal"]
[Board "5.3"]
[WhiteElo "1199"]
[BlackElo "1573"]
[WhiteTeam "VfR-SC Koblenz"]
[BlackTeam "SF Brackel 1930"]
[PlyCount "105"]
[WhiteFideId "12988278"]
[BlackFideId "12947423"]
[EventCountry "GER"]
[EventRounds "7"]
[EventType "team-swiss"]
[EventDate "2014.12.26"]

1. g4 e5 2. Bg2 d5 3. c4 c6 4. Qa4 Be6 5. cxd5 Bxd5 6. e4 Be6 7. h3 Nf6 8. Nc3
Na6 9. Nge2 Nc5 10. Qd1 Nd3+ 11. Kf1 Qb6 12. Nd4 Qxd4 13. Qe2 Nf4 14. Qd1 Nd3
15. Qe2 Bc4 16. b3 Nf4 17. Qxc4 Qd6 18. Ne2 Nd3 19. a4 Rb8 20. Ba3 c5 21. Ra2
b6 22. Rc2 a5 23. Rc3 Nb4 24. Bxb4 axb4 25. Rd3 Qc7 26. Ng3 Be7 27. Qb5+ Nd7
28. Nf5 Rd8 29. Nxg7+ Kf8 30. Nf5 Bg5 31. h4 Bf4 32. Rd6 Rg8 33. g5 Rg6 34.
Rxg6 fxg6 35. Nh6 Nb8 36. Qc4 Qg7 37. d3 Rd4 38. Qb5 Nd7 39. Rh3 Qe7 40. Qc6
Qg7 41. Qe6 Bc1 42. Rf3+ Bf4 43. Bh3 Nb8 44. Qc8+ Ke7 45. Qxb8 Rd6 46. Qc7+ Kf8
47. Qxd6+ Ke8 48. Rxf4 exf4 49. Qxf4 Qb7 50. e5 Qd5 51. Qf7+ Qxf7 52. Nxf7 Kxf7
53. Kg2 1-0

[Event "DVM U12 2014"]
[Site "Verden/Aller GER"]
[Date "2014.12.27"]
[Round "1"]
[White "von Estorff, Jacob"]
[Black "Gheng, Dominik"]
[Result "1-0"]
[Termination "normal"]
[Board "6.1"]
[WhiteElo "1650"]
[BlackElo "1713"]
[WhiteTeam "Post SV Uelzen"]
[BlackTeam "Schach-Kids Bernhausen"]
[PlyCount "32"]
[WhiteFideId "12974501"]
[BlackFideId "12906778"]
[EventCountry "GER"]
[EventRounds "7"]
[EventType "team-swiss"]
[EventDate "2014.12.26"]

1. e4 e5 2. Nf3 Nc6 3. d4 exd4 4. Nxd4 Bc5 5. Be3 Qf6 6. c3 Nge7 7. Bc4 d6 8.
O-O O-O 9. Nxc6 Nxc6 10. Bxc5 dxc5 11. Na3 Ne5 12. Qd5 Be6 13. Qxc5 b6 14. Qb4
Nf3+ 15. Kh1 Qf4 16. g3 Qh6 1-0

[Event "DVM U12 2014"]
[Site "Verden/Aller GER"]
[Date "2014.12.27"]
[Round "1"]
[White "Grube, Olaf"]
[Black "Askerov, Imamali"]
[Result "0-1"]
[Termination "normal"]
[Board "6.2"]
[WhiteElo "1164"]
[BlackElo "1746"]
[WhiteTeam "Schach-Kids Bernhausen"]
[BlackTeam "Post SV Uelzen"]
[PlyCount "98"]
[WhiteFideId "12956988"]
[BlackFideId "12974498"]
[EventCountry "GER"]
[EventRounds "7"]
[EventType "team-swiss"]
[EventDate "2014.12.26"]

1. e4 c5 2. Nf3 Nc6 3. d4 cxd4 4. Nxd4 d6 5. Nc3 g6 6. Bc4 Bg7 7. Be3 Nf6 8.
O-O O-O 9. Qd2 Nxe4 10. Nxe4 d5 11. Nxc6 bxc6 12. Rfd1 Qc7 13. Bxd5 cxd5 14.
Qxd5 Be6 15. Qc5 Qb7 16. Ng3 Rfc8 17. Qa5 Qxb2 18. Bc5 Qe5 19. Bb4 Qxa5 20.
Bxa5 Bxa1 21. Rxa1 Rxc2 22. a3 Rac8 23. Bb4 Rc1+ 24. Rxc1 Rxc1+ 25. Nf1 Bc4 26.
h3 Rxf1+ 27. Kh2 e5 28. Bc5 a6 29. Kg3 f6 30. Kf3 Kf7 31. g3 Rc1 32. h4 Bd5+
33. Ke2 Rxc5 34. Kd3 Ke6 35. g4 Rc4 36. f3 e4+ 37. fxe4 Rxe4 38. a4 Rxg4 39. a5
Re4 40. Kc3 f5 41. Kb2 f4 42. h5 f3 43. hxg6 hxg6 44. Ka3 f2 45. Kb2 f1=Q 46.
Kc3 Qc4+ 47. Kb2 Re2+ 48. Kb1 Qb3+ 49. Ka1 Qa2# 0-1

[Event "DVM U12 2014"]
[Site "Verden/Aller GER"]
[Date "2014.12.27"]
[Round "1"]
[White "Ungerer, Tobias"]
[Black "Badzies, Tobias"]
[Result "1-0"]
[Termination "normal"]
[Board "6.4"]
[WhiteElo "1148"]
[BlackElo "1053"]
[WhiteTeam "Schach-Kids Bernhausen"]
[BlackTeam "Post SV Uelzen"]
[PlyCount "55"]
[WhiteFideId "12970999"]
[EventCountry "GER"]
[EventRounds "7"]
[EventType "team-swiss"]
[EventDate "2014.12.26"]

1. e4 c6 2. c4 e5 3. Nc3 Nf6 4. d3 Bb4 5. Nf3 Qe7 6. a3 Bxc3+ 7. bxc3 d5 8.
cxd5 cxd5 9. exd5 Nxd5 10. Qa4+ Nc6 11. Bb2 Bf5 12. c4 Nf4 13. Rd1 O-O 14. g3
Ng6 15. Bg2 e4 16. dxe4 Qxe4+ 17. Kf1 Rad8 18. Nd4 Qg4 19. Bf3 Qh3+ 20. Bg2 Qg4
21. h3 Qg5 22. h4 Qg4 23. Bf3 Bd3+ 24. Rxd3 Qd7 25. Kg2 Nge5 26. Rdd1 Rfe8 27.
Nxc6 Qc7 28. Bxe5 1-0